A rózsatőtermesztés technológiai elemzése

Elmentve itt :
Bibliográfiai részletek
Szerző: Kocsis Jenő Zoltán
További közreműködők: Pópity Gabriella (Témavezető)
Mile Lajos (Témavezető)
Dokumentumtípus: Szakdolgozat
Megjelent: 2003
Tárgyszavak:
Online Access:http://diploma.bibl.u-szeged.hu/120317
LEADER 00673nta a2200193 i 4500
001 dipl120317
005 20211102083455.0
008 211026s2003 hu om 0|| hun d
040 |a SZTE Diploma Repozitórium  |b hun 
041 |a hun 
100 1 |a Kocsis Jenő Zoltán 
245 1 2 |a A rózsatőtermesztés technológiai elemzése  |h [elektronikus dokumentum] /  |c Jenő Zoltán Kocsis 
260 |c 2003 
650 4 |a Agrár 
650 4 |a Agricultural sciences 
650 4 |a Agriculture, forestry and fisheries 
700 0 1 |a Pópity Gabriella  |e ths 
700 0 1 |a Mile Lajos  |e ths 
856 4 0 |u https://diploma.bibl.u-szeged.hu/id/eprint/120317/1/2003_kocsis_jeno_zoltan.pdf  |z Dokumentum-elérés